000 00545nam a2200157 a 4500
008 120416s1987 ||||||||||||||||| || u
020 _a0727703722
050 _aTP 882.3 Egl
100 _aEglinton, M. S
245 1 0 _aConcrete and its chemical behaviour
260 _aLondon:
_bThomas Telford
_c1987
300 _aviii, 136p. : ill.
350 _a0.00
650 0 _aCONCRETE--CHEMISTRY
995 _D0.00
_FCBU-MAIN LIBRARY (Kitwe)
_H1
_I16.00
_UAVAILABLE
_ZAnnex Low-Usage Collection
999 _c38371
_d38371